[Event "NATO-ch 34th"]
[Site "Rhodes"]
[Date "2024.10.25"]
[Round "7"]
[White "Dowd, Patrick"]
[Black "Wells, Daniel J"]
[Result "0-1"]
[WhiteElo "1885"]
[BlackElo "2036"]
[PlyCount "50"]
[EventDate "2024.10.21"]
[EventType "swiss"]
[EventRounds "7"]
[EventCountry "GRE"]
[SourceTitle "CB44_2024"]
[Source "Chessbase"]
[SourceDate "2024.10.30"]
[SourceVersion "1"]
[SourceVersionDate "2024.10.30"]
[SourceQuality "1"]

1. d4 Nf6 2. Bf4 g6 3. Nc3 d5 4. e3 Bg7 5. Bd3 0-0 6. h4 c5 7. h5 Nc6 8. hxg6 fxg6 9. Nf3 Bg4 10. Be2 a6 11. Ne5 Bxe2 12. Nxe2 e6 13. c3 Nxe5 14. Bxe5 Ne4 15. Nf4 Bxe5 16. dxe5 Qg5 17. Qe2 Qxe5 18. Qg4 Rae8 19. Nxg6 hxg6 20. Qxg6+ Qg7 21. Qh5 Re7 22. Rh4 Rf5 23. Qe2 Rxf2 24. Qh5 Rf5 25. Qe2 Qg3+ 0-1

[Event "NATO-ch 34th"]
[Site "Rhodes"]
[Date "2024.10.22"]
[Round "3"]
[White "Dowd, Patrick"]
[Black "Kries, Yvon"]
[Result "1-0"]
[WhiteElo "1885"]
[BlackElo "1765"]
[PlyCount "155"]
[EventDate "2024.10.21"]
[EventType "swiss"]
[EventRounds "7"]
[EventCountry "GRE"]
[SourceTitle "CB44_2024"]
[Source "Chessbase"]
[SourceDate "2024.10.30"]
[SourceVersion "1"]
[SourceVersionDate "2024.10.30"]
[SourceQuality "1"]

1. d4 d5 2. Bf4 c5 3. e3 Nc6 4. Nc3 a6 5. Nf3 cxd4 6. Nxd4 Nxd4 7. Qxd4 Nf6 8. 0-0-0 Be6 9. Be2 g6 10. Bf3 Bg7 11. Bxd5 Bxd5 12. Nxd5 0-0 13. Nxf6+ Bxf6 14. Be5 Qa5 15. Bxf6 exf6 16. Kb1 Qf5 17. Qd2 Rac8 18. f3 Rfe8 19. e4 Qc5 20. c3 Qb5 21. Rhe1 Re6 22. Qd5 Rc5 23. Qd8+ Kg7 24. Qd4 Rec6 25. Rd3 Rc4 26. Qe3 Re6 27. Red1 Qc6 28. Qd2 Qb6 29. Rd6 Rc6 30. Rxc6 Rxc6 31. Qd4 Qb5 32. Kc2 Qg5 33. Rd2 Re6 34. g3 Qa5 35. Qd5 Qa4+ 36. Qb3 Qc6 37. Rd4 b5 38. Qd5 Qb6 39. Qd8 Qc5 40. Qd5 Qb6 41. h4 Qb8 42. f4 Qc8 43. Kd2 Qc7 44. Qd7 Qb6 45. Qd8 Qc6 46. Kd3 f5 47. exf5 Qf3+ 48. Kc2 gxf5 49. Qg5+ Rg6 50. Qxf5 Qxg3 51. Rd7 Rf6 52. Qg5+ Qxg5 53. fxg5 Re6 54. Kd2 Kg6 55. Kd3 Rc6 56. b3 f6 57. gxf6 Rxf6 58. Re7 h6 59. Re5 Rc6 60. Kd4 Rf6 61. h5+ Kf7 62. c4 bxc4 63. bxc4 Rf4+ 64. Kc5 Rf2 65. a4 Ra2 66. Kb4 Rb2+ 67. Ka5 Rc2 68. c5 Kf6 69. Rd5 Ke6 70. Rd6+ Ke5 71. Kb6 Rc4 72. a5 Rb4+ 73. Kxa6 Rb1 74. Rxh6 Kd5 75. c6 Rc1 76. Kb7 Rb1+ 77. Kc8 Ra1 78. c7 1-0

[Event "NATO-ch 31st"]
[Site "Blankenberge"]
[Date "2021.10.13"]
[Round "4.37"]
[White "Dowd, Patrick"]
[Black "Charles, Freddy"]
[Result "1/2-1/2"]
[WhiteElo "1897"]
[BlackElo "1740"]
[PlyCount "26"]
[EventDate "2021.10.11"]
[EventType "team-swiss"]
[EventRounds "7"]
[EventCountry "BEL"]
[SourceTitle "CBM 204 Extra"]
[Source "ChessBase"]
[SourceDate "2021.11.30"]
[SourceVersion "1"]
[SourceVersionDate "2021.11.30"]
[SourceQuality "1"]
[WhiteTeam "NATO"]
[BlackTeam "NATO LTM"]

1. d4 Nf6 2. Bf4 d6 3. Nc3 Bf5 4. f3 h6 5. e4 Bh7 6. Qd2 Nbd7 7. 0-0-0 e6 8. Nh3 c6 9. g4 Nb6 10. Be2 g5 11. Bg3 d5 12. Nf2 Bb4 13. Be5 Nbd7 1/2-1/2